zpět

Detail výsledku týmu

The Pub Praha 2 ČT, Praha

Datum a čas kvízu

24 Celkem bodů Celkový počet nahraných bodů na tomto kvízu bez doplňovacích otázek.
14. Pořadí na kvízu Konečné umístění týmu na tomto kvízu.

Zaznamenané odpovědi

# Otázka Odpověď Body Výsledky
1. Koncem týdne ovlivnila počasí... Boris 0
2. Na nedávno odhalené bronzové s... Alžběta II., princ Filip 1
3. Minulý týden jsme se dozvěděli... Dominika Branišová 0
4. Londýnský obchodní dům s luxus... Harrods 1
5. Minulý týden se náš fotbal dos... v Ústí nad Labem 1
6. Může to být alergie, dieta, ne... lněná 0
7. Ve zdravých receptech se můžem... zoodles 1
8. Asi nepřekvapí, že ve stavu be... tortilly 1
9. Tento sirup, kterým lze sladit... z čekanky 1
10. Naprostým mistrem v nahrazován... hořčici 1